000 00256nam a22001217a 4500
008 190201b xxu||||| |||| 00| 0 eng d
041 _aeng
080 _23rd
_a330
100 _a52
101 _aEKO
245 _aBasic Economics
_cSowell
942 _2udc
_cBK
999 _c53900
_d53900